00572nam a2200121Ia 4500008004100000020001500041100002900056245016900085260004500254300001600299999001900315952011600334180305s9999 xx 000 0 und d a9716856466 aDela Cruz, Sonia Gasilla cSonia Gasilla, Dela Cruz, Edeliza Dela Cruz Lazo, Paulino M. MapueaNational Development via National service Training Program (NSTP):bLiteracy Training Service I/ aQuezon CitybLorimar Pub. Co. Inc.c2005 ai, 116 Page c356056d356056 001040aCLbCLcFILd2018-03-05eDonationl0oLC 220.5 .D331 2005pc14837r2018-05-08 00:00:00w2018-03-05yBK